| 000 | 00669nam a2200241Ia 4500 | ||
|---|---|---|---|
| 005 | 20260121112623.0 | ||
| 008 | 7454 260114s9999 xx 000 0 eng d | ||
| 020 | _a9789812709066 | ||
| 037 | _aEBOOK | ||
| 040 |
_aCRL _beng _cCRL |
||
| 041 |
_aeng _2eng |
||
| 084 | _qCRL | ||
| 100 |
_aGoh Say Song Et Al _9960531 |
||
| 245 | 0 | _aMathematics and Computation in Imaging Science and Information Processing | |
| 260 | _bWorld Scientific | ||
| 260 | _bWSPC | ||
| 260 | _c2007 | ||
| 650 |
_aMathematics _9960532 |
||
| 856 | _uhttps://www.worldscientific.com/worldscibooks/10.1142/6540#t=toc | ||
| 942 | _cEBOOK | ||
| 999 |
_c1544754 _d1544754 |
||